|
|
|
|
| LEADER |
00799cam a2200217 a 4500 |
| 001 |
0000076682 |
| 005 |
20050425090000.0 |
| 040 |
|
|
|a mod
|
| 041 |
|
|
|a eng
|
| 020 |
0 |
0 |
|a 0833029983
|
| 090 |
0 |
0 |
|a 947.086
|b OLI
|e 2001
|
| 100 |
1 |
0 |
|a Oliker
|h Olga.
|
| 245 |
1 |
0 |
|a Russia's Chechen wars 1994-2000
|b lessons from urban combat
|c Olga Oliker.
|
| 260 |
0 |
0 |
|a Santa Monica, CA
|b Rand
|c 2001.
|
| 300 |
0 |
0 |
|a xxv, 102 p.
|b maps
|c 23 cm.
|
| 500 |
0 |
0 |
|a "Prepared for the United States Army. Approved for public release; distribution unlimited."
|
| 500 |
0 |
0 |
|a Includes bibliographical references (p. 87-102).
|
| 650 |
0 |
0 |
|a Urban warfare
|z Russia (Federation)
|z Chechnia.
|
| 651 |
0 |
0 |
|a Chechnia (Russia)
|x History
|y Civil War, 1994-
|
| 852 |
0 |
0 |
|a 01
|
| 999 |
|
|
|a 0230705
|b KEMENTAH
|d BOOKS
|e Umum
|f Perpustakaan KEMENTAH
|j AVAILABLE
|q GOOD CONDITION
|